| 000 | 00492nam a22001817a 4500 | ||
|---|---|---|---|
| 003 | CEME | ||
| 005 | 20210628203425.0 | ||
| 008 | 210119b xxu||||| |||| 00| 0 eng d | ||
| 020 | _a1-84442-554-1 | ||
| 040 | _cceme | ||
| 082 | _a796.352 BAR | ||
| 100 |
_aBarrett, Ted, Hawkes, Chris _965360 |
||
| 245 | _aThe complete encyclopedia of golf | ||
| 260 |
_aDUBAI _bCARAVAN _c2005 |
||
| 300 | _a288P | ||
| 650 |
_aENCYCLOPEDIA OF GOLF.COMPLETE ENCYCLOPEDIA OF GOLF _965361 |
||
| 942 |
_cBK _2ddc |
||
| 999 |
_c573597 _d573597 |
||